Statistics for U.S. General Knowledge #56

Click here to take the quiz!

General Stats

  • This quiz has been taken 9,157 times
  • The average score is 14 of 20

Answer Stats

QuestionAnswer% Correct
What animal do Buffalo Wings come from? Chicken
94%
What is the last name of sisters Kourtney and Khloe? Kardashian
94%
What board game's original mascot was named Rich Uncle Pennybags?Monopoly
90%
What is the name of Elvis Presley's former home in Memphis? Graceland
86%
What three letters come before "goyle", "funkle", and "field"?Gar
85%
What scandal was famously reported on by Woodward and Bernstein?Watergate
82%
Who was married to both Joe DiMaggio and Arthur Miller?Marilyn Monroe
81%
What type of bird appears on boxes of Froot Loops?Toucan
76%
What 1851 novel begins "Call Me Ishmael"?Moby-Dick
74%
Who sang "Folsom Prison Blues"? Johnny Cash
71%
What unit is used to measure cotton or hay? Bale
70%
What major U.S. city has a name which starts and ends in O? Orlando
70%
What famous actress is the daughter of Jon Voight?Angelina Jolie
69%
What city's suburbs include Dearborn, Grosse Pointe, and Pontiac? Detroit
68%
What comes next in this sequence: Pat, Betty, Rosalynn, Nancy, Barbara?Hillary
64%
What actress gained the nickname Hanoi Jane after being photographed sitting on a
North Vietnamese anti-aircraft gun?
Jane Fonda
64%
Coho, Chinook, and Sockeye are types of what animal? Salmon
57%
How many pounds are in a short ton? 2000
52%
Whose likeness did Republican congressmen once propose putting on the dime,
replacing Franklin D. Roosevelt?
Ronald Reagan
52%
Whose manifesto, published in 1995, starts with the line "the Industrial Revolution
and its consequences have been a disaster for the human race"?
Ted Kaczynski
39%

Score Distribution

Percentile by Number Answered

Percent of People with Each Score

Your Score History

You have not taken this quiz